000 00403nam a2200157 4500
001 136037
003 ES-MaACL
005 20230906195024.0
007 t|
008 070214s1964 sp r ||||1| spa d
100 1 _aRovirosa.
_9100166
245 1 1 _a¿De quién es la empresa? /
_cRovirosa.
260 _aMadrid :
_bZyx,
_c1964.
300 _a128 p. ;
_c17 cm.
852 _aES-MaACL
_jC-26522
_bR.54933
999 _c136037
_d136037